000 01332nam a22003254a 4500
001 ebr10155136
003 CaPaEBR
006 m u
007 cr cn|||||||||
008 050831s2006 nyu sb 001 0 eng
010 _z 2005054218
020 _z1403970726
040 _aCaPaEBR
_cCaPaEBR
035 _a(OCoLC)124039437
050 1 4 _aBS1235.52
_b.P56 2006eb
082 0 4 _a305.800973
_222
100 1 _aPinar, William.
245 1 0 _aRace, religion, and a curriculum of reparation
_h[electronic resource] :
_bteacher education for a multicultural society /
_cWilliam F. Pinar.
260 _aNew York :
_bPalgrave Macmillan,
_c2006.
300 _axiv, 208 p.
504 _aIncludes bibliographical references (p. [191]-203) and index.
533 _aElectronic reproduction.
_bPalo Alto, Calif. :
_cebrary,
_d2013.
_nAvailable via World Wide Web.
_nAccess may be limited to ebrary affiliated libraries.
600 1 0 _aSchreber, Daniel Paul,
_d1842-1911.
630 0 0 _aBible.
_pO.T.
_pGenesis IX, 20-25
_xCriticism, interpretation, etc.
650 0 _aBlacks
_xBiblical teaching.
650 0 _aSex in the Bible.
655 7 _aElectronic books.
_2local
710 2 _aebrary, Inc.
856 4 0 _uhttp://site.ebrary.com/lib/rucke/Doc?id=10155136
_zAn electronic book accessible through the World Wide Web; click to view
999 _c92977
_d92977